| 000 | 00430nam a2200169Ia 4500 | ||
|---|---|---|---|
| 008 | 180921t2017 xxu||||| |||| 00| 0 sin d | ||
| 041 | _asin | ||
| 080 |
_aX8C3 _b(Youth) |
||
| 100 | _aMayakovsky, V. | ||
| 245 | _aලොකු වුණාම මං | ||
| 246 | _aLoku Unama Mama | ||
| 260 |
_bKurulu poth _aRajagiriya _c2017 |
||
| 300 | _a30cm, 30p | ||
| 942 | _cBK | ||
| 999 |
_c12097 _d12097 |
||
| 003 | LK-CoDNM | ||
| 040 |
_aLK-CoDNM _dLK-CoDNM _eLK-CoDNM |
||